| 000 | 00701nam a2200193 i 4500 | ||
|---|---|---|---|
| 001 | 188931 | ||
| 003 | ES-MaACL | ||
| 005 | 20230906223332.0 | ||
| 008 | 190227s2013 sp |||| | spa d | ||
| 100 | 1 |
_aLluís y Navas, Jaime. _972976 |
|
| 245 | 1 | 0 |
_aObservaciones sobre los sistemas de representación de los trabajadores y su relación con la prevención de accidentes / _cJaime Lluís y Navas. |
| 260 |
_aBarcelona : _b[J.Lluís y Navas], _c2013. |
||
| 300 |
_a23 p. ; _c21 cm. |
||
| 504 | _aBibliografía: p. 21-23. | ||
| 594 | _aDatos tomados de cub. | ||
| 650 |
_aParticipación de los trabajadores. _915852 |
||
| 650 | 4 |
_aAccidentes- _xPrevención. _9161387 |
|
| 852 |
_aES-MaACL _j2338-F-3 |
||
| 999 |
_c188931 _d188931 |
||